Papers presented at the Fifth International Conference, Computer technology in welding : Paris, France 16-18 June 1994 /

Bewaard in:
Bibliografische gegevens
Coauteurs: International Conference on Computer Technology in Welding Paris, France, Welding Institute
Andere auteurs: Lucas, W.
Formaat: Conferentie akten Boek
Taal:English
Gepubliceerd in: Cambridge, England : Abington in association with the Welding Institute, 1994.
Onderwerpen:
LEADER 01284cam a2200289 a 4500
001 c000269341
003 CARM
005 20070828123348.0
008 960219s1994 enka b 100 0 eng d
019 1 |a 41105515  |5 LACONCORD2021 
020 |a 1855731835 (pbk) 
035 |a (OCoLC)225170145  |5 LACONCORD2021 
040 |a SS:MAF  |c VCAV 
082 0 4 |a 671.52 0285  |2 20 
111 2 |a International Conference on Computer Technology in Welding  |n (5th :  |d 1994 :  |c Paris, France) 
245 1 0 |a Papers presented at the Fifth International Conference, Computer technology in welding :  |b Paris, France 16-18 June 1994 /  |c W. Lucas, conference technical director. 
246 3 3 |a Computer technology in welding 
260 |a Cambridge, England :  |b Abington in association with the Welding Institute,  |c 1994. 
300 |a 1 v. (unpaged) :  |b ill. ;  |c 30 cm. 
504 |a Includes bibliographical references. 
650 0 |a Welding  |x Automation  |v Congresses. 
650 0 |a Welding  |x Data processing  |v Congresses. 
700 1 |a Lucas, W. 
710 2 |a Welding Institute. 
852 8 |b CARM  |h A1:AN22D0  |i F02628  |p 0389449  |f BK 
999 f f |i 9b54c46d-4af1-5c3d-bc3b-bc849912c082  |s 74209d66-1df7-59af-adfb-443aa7aced0b 
952 f f |p Can circulate  |a CAVAL  |b CAVAL  |c CAVAL  |d CARM 1 Store  |e F02628  |f A1:AN22D0  |h Other scheme  |i book  |m 0389449